00577pab a2200181 454500008004000000100001900040245007300059260000900132300001300141362001200154650003000166650002400196650002200220773001800242909001100260999001900271952010500290180718b2017 xxu||||| |||| 00| 0 eng d aPriya, Lakshmi aLegitimacy of Baath in Syria and Gramscian idea of cultural hegemony c2017 ap.51-68. aJan-Mar aPolitical parties - Syria aBaath party - Syria aPolitical parties aSocial Action a113893 c113887d113887 00104070aIIPAbIIPAd2018-07-19hVolume no: 67, Issue no: 1pAR114353r2018-07-19w2018-07-19yAR